000 00521nam a2200181Ia 4500
003 OSt
005 20200928101325.0
008 190216s9999||||xx |||||||||||||| ||und||
020 _a9788125902409
040 _coclc
082 _a571.32
_bPAN/P
100 _aPandey, S N
_92549
245 0 _aPlant Anatomy And Embryology /
_cS N Pandey ; Ajanta Chadha
260 _bVikas Publications,
_c2007.
_aNew Delhi:
300 _a468p
650 _aBotany
942 _cBK
_2ddc
_h571.32
_iPAN/P
_k571.32
_mPAN/P
999 _c1786
_d1786